Sports Quiz

Random Sports Quiz

IPL Bowling Figures 2011 Quiz Stats

 Plays Quiz not verified by Sporcle

Challenge
Share
Tweet
Embed
Score 0/13 Timer 15:00
0 Plays Today
Player Figures % Correct
I Sharma 5 for 12
90%
Harbhajan Singh 5 for 18
90%
BJ Hodge4 for 13
90%
MM Patel5 for 21
85%
A Mishra4 for 9
85%
SL Malinga5 for 13
80%
S Aravind4 for 14
80%
PP Chawla4 for 17
80%
BA Bhatt4 for 22
80%
MR Marsh4 for 25
80%
RP Singh4 for 25
80%
PC Valthaty4 for 29
80%
Yuvraj Singh4 for 29
80%

You're not logged in!

Compare scores with friends on all Sporcle quizzes.
Join for Free
OR
Log In

You Might Also Like...

Show Comments

Extras

Top Quizzes Today


Score Distribution

Your Account Isn't Verified!

In order to create a playlist on Sporcle, you need to verify the email address you used during registration. Go to your Sporcle Settings to finish the process.

Report this User

Report this user for behavior that violates our Community Guidelines.

Details: